[Event "TUR-chT2"]
[Site "Konya"]
[Date "2015.07.25"]
[Round "1.11"]
[White "Okay, Ilkin Ege"]
[Black "Salur, Ozgun"]
[Result "1-0"]
[WhiteElo "1982"]
[BlackElo "1610"]
[PlyCount "53"]
[EventDate "2015.07.25"]
[EventType "team-swiss"]
[EventRounds "9"]
[EventCountry "TUR"]
[SourceTitle "CBM 167 Extra"]
[Source "ChessBase"]
[SourceDate "2015.09.14"]
[SourceVersion "1"]
[SourceVersionDate "2015.09.14"]
[SourceQuality "1"]
[WhiteTeam "Ankara Odtu"]
[BlackTeam "Zonguldak Alapli Aktif"]
[WhiteTeamCountry "TUR"]
[BlackTeamCountry "TUR"]

1. e4 c5 2. Nf3 Nc6 3. d4 cxd4 4. Nxd4 e6 5. c4 Bc5 6. Nb3 Bb4+ 7. Bd2 Bxd2+ 8. Qxd2 b6 9. Nc3 a6 10. Be2 Bb7 11. 0-0 Nge7 12. f4 f5 13. Rad1 Qc7 14. Kh1 Rd8 15. Nd5 exd5 16. exd5 Qd6 17. Qc3 Qg6 18. dxc6 Bxc6 19. Bf3 0-0 20. Nd4 Kh8 21. Qa3 Qf6 22. Rfe1 Ng6 23. Qe3 Bxf3 24. Qxf3 Rfe8 25. Qf2 Nf8 26. Rxe8 Rxe8 27. Nf3 1-0

[Event "TUR-chT2"]
[Site "Konya"]
[Date "2014.06.26"]
[Round "6.5"]
[White "Salur, Ozgun"]
[Black "Karacan, Canberk"]
[Result "0-1"]
[WhiteElo "1511"]
[BlackElo "1773"]
[PlyCount "56"]
[EventDate "2014.06.23"]
[EventType "team-swiss"]
[EventRounds "9"]
[EventCountry "TUR"]
[SourceTitle "CBM 161 Extra"]
[Source "ChessBase"]
[SourceDate "2014.08.29"]
[SourceVersion "1"]
[SourceVersionDate "2014.08.29"]
[SourceQuality "1"]
[WhiteTeam "Alapli"]
[BlackTeam "Karaman Saglik"]
[WhiteTeamCountry "TUR"]
[BlackTeamCountry "TUR"]

1. e4 c5 2. Nf3 d6 3. Nc3 Nf6 4. Bc4 Nc6 5. d4 cxd4 6. Nxd4 Ne5 7. Bb3 g6 8. Be3 Bg7 9. Qd2 0-0 10. h3 Bd7 11. f4 Nc6 12. g4 Nxd4 13. Bxd4 e5 14. Be3 Bc6 15. 0-0-0 Nxe4 16. Nxe4 Bxe4 17. Rhf1 Qh4 18. fxe5 Bxe5 19. Bh6 Qxh3 20. Bxf8 Rxf8 21. Qe2 Bc6 22. Rf2 Bd7 23. Rg1 Bd4 24. Rf3 Bxg4 25. Bxf7+ Kg7 26. Qe7 Qxf3 27. Bd5+ Rf7 28. Bxf7 Qe3+ 0-1